| 000 | 00765cam a2200253 i 4500 | ||
|---|---|---|---|
| 008 | |||
| 020 | _a9780273793366 (pbk.) | ||
| 049 | _aMAIN | ||
| 090 |
_aTK5105.59 _bSTA. |
||
| 100 | 1 | _aStallings, William. | |
| 245 | 1 | 0 |
_aNetwork security essentials : _bapplications and standards / _cWilliam Stallings. |
| 250 | _a5th ed. | ||
| 260 | 1 |
_aBoston : _bPearson, _c2014. |
|
| 300 | 0 |
_a445 p. : _bill. ; _c24 cm. |
|
| 500 | _aIncludes index. | ||
| 504 | _aIncludes bibliographical references. | ||
| 650 | 0 |
_aComputer networks _xSecurity measures. |
|
| 650 | 0 | _aComputer security. | |
| 907 |
_a.b10352739 _b03-12-14 _c03-12-14 |
||
| 003 | |||
| 005 | 20230123122130.0 | ||
| 040 | _cNUST | ||
| 942 |
_cBOOKS _kTK5105.59 _mSTA. |
||
| 999 |
_c128328 _d128328 |
||